MARC

LEADER 00000nam0a2200000 4500
001 169789
005 20231031163526.0
035 |a (RuTPU)RU\TPU\book\184154 
090 |a 169789 
100 |a 20091117d1975 km y0rusy50 ca 
101 0 |a rus 
102 |a UA 
105 |a a z 001zy 
200 1 |a Электрошлаковая технология  |f Б. Е. Патон, Б. И. Медовар, Г. А. Бойко 
210 |a Киев  |c Знание  |d 1975 
215 |a 64 с.  |c ил. 
320 |a Библиогр.: с. 64. 
610 1 |a металлургия 
610 1 |a электрошлаковая наплавка 
610 1 |a электрошлаковая сварка 
610 1 |a электрошлаковые технологии 
610 1 |a электрошлаковый переплав 
610 1 |a электрошлаковое литье 
675 |a 669.187.28  |v 3 
675 |a 621.791.793  |v 3 
700 1 |a Патон  |b Б. Е.  |g Борис Евгеньевич 
701 1 |a Медовар  |b Б. И.  |g Борис Израилевич 
701 1 |a Бойко  |b Г. А.  |g Георгий Александрович 
801 1 |a RU  |b 63413507  |c 20091117 
801 2 |a RU  |b 63413507  |c 20100226  |g RCR 
942 |c BK